Culture Générale - Série 423 - Statistiques

Statistiques générales
  • Ce quiz a été pris 765 fois
  • Le résultat moyen est 8 sur 10
Statistiques - réponses
Question Réponse % Correct
A quel nombre correspond le X romain ? Dix
99%
Dans quel pays peut-on visiter le Taj Mahal ? L'Inde
99%
Complétez le proverbe : "Les bons comptes font les bons... Amis
92%
Combien un cube a-t-il d'arêtes ? Douze
92%
Quel film de Steven Spielberg sorti en 1993 met en scène des dinosaures ? Jurassic Park
90%
D'après les Evangiles, quel est le prénom de l'apôtre qui livra Jésus à ses ennemis ? Judas
85%
Selon l'expression, que faut-il tourner sept fois dans sa bouche avant de parler ? Sa langue
85%
Selon les Evangiles, dans quelle ville est né Jésus de Nazareth ? A Bethléem
69%
Dans la série d'animation "Le Manège enchanté", la formule magique de Zébulon est : "Tournicoti... Tournicoton
60%
Qui est l'auteur interprète du tube "Papa chanteur", sorti en 1985 ? Jean-Luc Lahaye
30%
Aucun quiz correspondant
Distribution des résultats
% des personnes avec chaque résultat
Percentile par nombre de réponses
Votre historique - résultats
Vous n’avez pas pris ce quiz